Cliquez sur les départements de la ville indiquée sur une carte - Statistiques

Statistiques générales
  • Ce quiz a été pris 161 fois
  • Le résultat moyen est 48 sur 100
Réponses sur la Carte
Les réponses sont colorées sur une échelle allant du rouge au vert en fonction du pourcentage des utilisateurs qui les ont devinées à leur premier essai. Vous pouvez retrouver ces pourcentages ci-dessous.
 
Statistiques - réponses
Réponse % Correct
Arcachon
75%
Kourou
72%
Tourcoing
72%
Le Mont-Saint-Michel
71%
Saint-Raphaël
71%
Sète
70%
Cassis
66%
Étretat
66%
Chamonix-Mont-Blanc
65%
Saint-Jean-de-Luz
65%
Dzaoudzi
64%
Mayenne
63%
Bonifacio
62%
Lourdes
62%
Quiberon
62%
Royan
62%
Verdun
62%
Antibes
61%
L'Hospitalet-près-l'Andorre
61%
Vichy
61%
Biscarrosse
60%
Orange
60%
Aulnay-sous-Bois
59%
Concarneau
59%
Saumur
59%
Montargis
56%
Collioure
55%
Millau
55%
Orly
55%
Paimpol
55%
Sarlat-la-Canéda
55%
Sarreguemines
55%
Beaune
54%
Fontainebleau
54%
Guérande
54%
Montélimar
53%
Colombes
52%
Dreux
51%
Le Tampon
51%
Oyonnax
50%
Saint-Gilles-Croix-de-Vie
50%
Vierzon
50%
Châtellerault
49%
Le Touquet-Paris-Plage
49%
Sisteron
49%
Chantilly
48%
Château-Thierry
48%
Aubenas
47%
Eguisheim
47%
Falaise
47%
La Flèche
47%
Le Creusot
47%
Cosne-Cours-sur-Loire
46%
Gérardmer
46%
Issoire
46%
Le Grau-du-Roi
46%
Vitré
46%
Longwy
45%
Plaisir
45%
Bourg-Saint-Maurice
44%
Issoudun
44%
Rocamadour
44%
Marmande
43%
Argentan
42%
Castelnaudary
42%
Meyzieu
42%
Vernon
42%
Morteau
41%
La Souterraine
40%
Brioude
39%
Cheverny
39%
Condom
39%
Mauriac
39%
Ussel
39%
Vienne
39%
Vitry-le-François
39%
Baie-Mahault
38%
Gaillac
38%
Montbrison
38%
Péronne
38%
Langres
37%
Sélestat
37%
Aléria
36%
Bellac
36%
Embrun
36%
Thouars
36%
Confolens
35%
Marvejols
35%
Moissac
35%
Chenonceaux
34%
Givet
34%
Yerres
34%
Romilly-sur-Seine
33%
Schoelcher
33%
Bagnères-de-Luchon
32%
Morbier
32%
Luxeuil-les-Bains
30%
Joigny
28%
Franconville
25%
Delle
20%
Aucun quiz correspondant
Distribution des résultats
% des personnes avec chaque résultat
Percentile par nombre de réponses
Votre historique - résultats
Vous n’avez pas pris ce quiz